[Event "British Rapidplay Championship 2023"]
[Site "Mercure Bradford, Bankfield Hotel"]
[Date "2023.04.16"]
[Round "8.2"]
[White "Pink, Joshua"]
[Black "Vijayakumar, Rishi"]
[Result "0-1"]
[TimeControl "All moves in 15 minutes plus 10 second increment per move from move 1"]
[WhiteElo "1988"]
[BlackElo "1770"]

1. Nc3 {[%clk 00:15:14]} {[%emt 00:00:06]} Nf6 {[%clk 00:15:17]} {[%emt
00:00:06]} 2. e4 {[%clk 00:15:15]} {[%emt 00:00:07]} d6 {[%clk 00:14:53]}
{[%emt 00:00:35]} 3. d4 {[%clk 00:15:21]} {[%emt 00:00:05]} g6 {[%clk
00:15:02]} {[%emt 00:00:01]} 4. Bg5 {[%clk 00:15:15]} {[%emt 00:00:13]} Bg7
{[%clk 00:15:05]} {[%emt 00:00:08]} 5. e5 {[%clk 00:14:54]} {[%emt 00:00:30]}
Nfd7 {[%clk 00:14:22]} {[%emt 00:00:54]} 6. exd6 {[%clk 00:15:02]} {[%emt
00:00:02]} cxd6 {[%clk 00:14:28]} {[%emt 00:00:05]} 7. Qd2 {[%clk 00:15:10]}
{[%emt 00:00:01]} h6 {[%clk 00:14:24]} {[%emt 00:00:14]} 8. Be3 {[%clk
00:15:13]} {[%emt 00:00:07]} b6 {[%clk 00:13:52]} {[%emt 00:00:43]} 9. O-O-O
{[%clk 00:14:59]} {[%emt 00:00:21]} Bb7 {[%clk 00:13:54]} {[%emt 00:00:10]} 10.
f3 {[%clk 00:15:08]} {[%emt 00:00:01]} Nc6 {[%clk 00:13:56]} {[%emt 00:00:08]}
11. Bc4 {[%clk 00:14:48]} {[%emt 00:00:29]} Rc8 {[%clk 00:13:39]} {[%emt
00:00:28]} 12. Bb3 {[%clk 00:14:56]} {[%emt 00:00:02]} Na5 {[%clk 00:13:27]}
{[%emt 00:00:23]} 13. Nge2 {[%clk 00:15:01]} {[%emt 00:00:04]} Nxb3+ {[%clk
00:11:31]} {[%emt 00:02:06]} 14. axb3 {[%clk 00:15:07]} {[%emt 00:00:03]} a6
{[%clk 00:11:11]} {[%emt 00:00:32]} 15. Nf4 {[%clk 00:15:13]} {[%emt 00:00:02]}
O-O {[%clk 00:11:01]} {[%emt 00:00:22]} 16. Nfd5 {[%clk 00:15:19]} {[%emt
00:00:03]} e6 {[%clk 00:10:37]} {[%emt 00:00:35]} 17. Nf4 {[%clk 00:15:26]}
{[%emt 00:00:02]} b5 {[%clk 00:10:11]} {[%emt 00:00:36]} 18. h4 {[%clk
00:15:33]} {[%emt 00:00:02]} Kh7 {[%clk 00:09:16]} {[%emt 00:01:06]} 19. h5
{[%clk 00:15:36]} {[%emt 00:00:06]} g5 {[%clk 00:09:20]} {[%emt 00:00:07]} 20.
Qd3+ {[%clk 00:15:44]} {[%emt 00:00:02]} Kg8 {[%clk 00:09:12]} {[%emt
00:00:18]} 21. Nfe2 {[%clk 00:15:26]} {[%emt 00:00:28]} f5 {[%clk 00:08:53]}
{[%emt 00:00:29]} 22. f4 {[%clk 00:15:17]} {[%emt 00:00:20]} b4 {[%clk
00:08:43]} {[%emt 00:00:20]} 23. fxg5 {[%clk 00:11:27]} {[%emt 00:03:59]} bxc3
{[%clk 00:08:37]} {[%emt 00:00:17]} 24. bxc3 {[%clk 00:11:26]} {[%emt
00:00:11]} Be4 {[%clk 00:08:12]} {[%emt 00:00:34]} 25. Qxa6 {[%clk 00:10:56]}
{[%emt 00:00:40]} Nb6 {[%clk 00:05:47]} {[%emt 00:02:36]} 26. gxh6 {[%clk
00:10:28]} {[%emt 00:00:38]} Ra8 {[%clk 00:05:42]} {[%emt 00:00:15]} 27. Qb5
{[%clk 00:09:55]} {[%emt 00:00:42]} Ra2 {[%clk 00:05:07]} {[%emt 00:00:46]} 28.
Rd2 {[%clk 00:08:13]} {[%emt 00:01:51]} Qa8 {[%clk 00:04:38]} {[%emt 00:00:39]}
29. Kd1 {[%clk 00:07:09]} {[%emt 00:01:13]} Ra1+ {[%clk 00:04:47]} {[%emt
00:00:02]} 30. Nc1 {[%clk 00:07:18]} {[%emt 00:00:01]} Rxc1+ {[%clk 00:04:56]}
{[%emt 00:00:01]} 31. Ke2 {[%clk 00:07:28]} Rxh1 {[%clk 00:04:04]} {[%emt
00:01:02]} 32. hxg7 {[%clk 00:07:35]} {[%emt 00:00:02]} Rc8 {[%clk 00:02:43]}
{[%emt 00:01:32]} 33. Qxb6 {[%clk 00:06:58]} {[%emt 00:00:47]} Qa1 {[%clk
00:02:45]} {[%emt 00:00:08]} 34. Bf2 {[%clk 00:06:00]} {[%emt 00:01:07]} Qf1+
{[%clk 00:02:43]} {[%emt 00:00:13]} 35. Ke3 {[%emt 00:00:03]} Qxg2 {[%clk
00:02:27]} {[%emt 00:00:24]} 36. Re2 {[%clk 00:05:41]} {[%emt 00:00:37]} Qg5#
{[%clk 00:02:19]} {[%emt 00:00:07]} 0-1

[Event "British Rapidplay Championship 2023"]
[Site "Mercure Bradford, Bankfield Hotel"]
[Date "2023.04.16"]
[Round "8.3"]
[White "Graff, Ben"]
[Black "Hall, James"]
[Result "0-1"]
[TimeControl "All moves in 15 minutes plus 10 second increment per move from move 1"]
[WhiteElo "1658"]
[BlackElo "1980"]

1. e4 {[%clk 00:15:18]} {[%emt 00:00:04]} e5 {[%clk 00:15:14]} {[%emt
00:00:05]} 2. Nf3 {[%clk 00:15:27]} {[%emt 00:00:03]} Bc5 {[%clk 00:15:23]} 3.
Bc4 {[%emt 00:00:37]} Nf6 {[%emt 00:00:01]} 4. d3 {[%clk 00:14:46]} {[%emt
00:00:14]} d6 {[%clk 00:15:21]} {[%emt 00:00:11]} 5. h3 {[%clk 00:14:41]}
{[%emt 00:00:15]} Nc6 {[%clk 00:15:08]} {[%emt 00:00:22]} 6. Nc3 {[%clk
00:14:35]} {[%emt 00:00:16]} h6 {[%clk 00:15:11]} {[%emt 00:00:08]} 7. O-O
{[%clk 00:14:28]} {[%emt 00:00:16]} g5 {[%clk 00:15:19]} {[%emt 00:00:02]} 8.
Be3 {[%clk 00:14:04]} {[%emt 00:00:34]} g4 {[%clk 00:14:28]} {[%emt 00:01:02]}
9. hxg4 {[%clk 00:14:00]} {[%emt 00:00:14]} Bxg4 {[%clk 00:13:36]} {[%emt
00:01:02]} 10. Bxc5 {[%clk 00:14:01]} {[%emt 00:00:10]} dxc5 {[%clk 00:13:36]}
{[%emt 00:00:09]} 11. Nd5 {[%clk 00:13:58]} {[%emt 00:00:13]} Nd4 {[%clk
00:12:46]} {[%emt 00:01:01]} 12. Ne3 {[%clk 00:11:32]} {[%emt 00:02:35]} Bxf3
{[%clk 00:11:23]} {[%emt 00:01:32]} 13. gxf3 {[%clk 00:11:32]} {[%emt
00:00:10]} Rg8+ {[%clk 00:11:11]} {[%emt 00:00:23]} 14. Kh1 {[%clk 00:09:53]}
{[%emt 00:01:48]} Nxe4 {[%clk 00:06:29]} {[%emt 00:04:52]} 15. Ng2 {[%clk
00:09:10]} {[%emt 00:00:52]} Qg5 {[%clk 00:06:01]} {[%emt 00:00:39]} 0-1

[Event "British Rapidplay Championship 2023"]
[Site "Mercure Bradford, Bankfield Hotel"]
[Date "2023.04.16"]
[Round "8.4"]
[White "Cansdale, Zachary"]
[Black "Lloyd, Stephen M"]
[Result "1-0"]
[TimeControl "All moves in 15 minutes plus 10 second increment per move from move 1"]
[WhiteElo "1975"]
[BlackElo "1579"]

1. d4 {[%clk 00:15:09]} {[%emt 00:00:11]} Nf6 {[%clk 00:15:18]} {[%emt
00:00:03]} 2. Nc3 {[%clk 00:15:17]} {[%emt 00:00:01]} d5 {[%clk 00:15:04]}
{[%emt 00:00:25]} 3. Bf4 {[%clk 00:15:25]} {[%emt 00:00:01]} g6 {[%clk
00:15:05]} {[%emt 00:00:09]} 4. e3 {[%clk 00:15:31]} {[%emt 00:00:04]} Bg7
{[%clk 00:15:12]} {[%emt 00:00:02]} 5. h4 {[%clk 00:15:37]} {[%emt 00:00:04]}
h5 {[%clk 00:14:20]} {[%emt 00:01:03]} 6. Be2 {[%clk 00:15:16]} {[%emt
00:00:30]} c5 {[%clk 00:14:27]} {[%emt 00:00:04]} 7. Nf3 {[%clk 00:14:38]}
{[%emt 00:00:48]} Nc6 {[%clk 00:14:27]} {[%emt 00:00:10]} 8. Qd2 {[%clk
00:13:17]} {[%emt 00:01:30]} cxd4 {[%clk 00:13:40]} {[%emt 00:00:57]} 9. exd4
{[%clk 00:13:21]} {[%emt 00:00:06]} Qb6 {[%clk 00:11:51]} {[%emt 00:02:00]} 10.
Nb5 {[%clk 00:11:04]} {[%emt 00:02:27]} O-O {[%clk 00:11:45]} {[%emt 00:00:16]}
11. Bc7 {[%clk 00:10:32]} {[%emt 00:00:41]} Ne4 {[%clk 00:10:38]} {[%emt
00:01:17]} 12. Qc1 {[%clk 00:06:32]} {[%emt 00:04:10]} Qa6 {[%clk 00:09:46]}
{[%emt 00:01:02]} 13. Nd6 {[%clk 00:06:08]} {[%emt 00:00:33]} Qxe2+ {[%clk
00:08:03]} {[%emt 00:01:54]} 14. Kxe2 {[%clk 00:06:15]} {[%emt 00:00:03]} exd6
{[%clk 00:07:58]} {[%emt 00:00:16]} 15. Qf4 {[%clk 00:04:22]} {[%emt 00:02:02]}
Re8 {[%clk 00:07:45]} {[%emt 00:00:23]} 16. Kf1 {[%clk 00:04:07]} {[%emt
00:00:25]} Nxd4 {[%clk 00:07:17]} {[%emt 00:00:39]} 17. Nxd4 {[%clk 00:04:01]}
{[%emt 00:00:15]} Be5 {[%clk 00:06:53]} {[%emt 00:00:35]} 18. Qe3 {[%clk
00:03:25]} {[%emt 00:00:45]} Bd7 {[%clk 00:06:07]} {[%emt 00:00:57]} 19. Ba5
{[%clk 00:02:26]} {[%emt 00:01:08]} Rac8 {[%clk 00:06:09]} {[%emt 00:00:09]} 20.
Bc3 {[%clk 00:02:21]} {[%emt 00:00:14]} b5 {[%clk 00:05:33]} {[%emt 00:00:46]}
21. Qd3 {[%clk 00:01:39]} {[%emt 00:00:53]} b4 {[%clk 00:04:59]} {[%emt
00:00:44]} 22. Bxb4 {[%clk 00:01:39]} {[%emt 00:00:10]} Rc4 {[%clk 00:05:07]}
{[%emt 00:00:02]} 23. Bc3 {[%clk 00:01:42]} {[%emt 00:00:07]} Rec8 {[%clk
00:04:12]} {[%emt 00:01:05]} 24. Rh3 {[%clk 00:01:23]} {[%emt 00:00:27]} Bxd4
{[%clk 00:04:07]} {[%emt 00:00:16]} 25. Bxd4 {[%clk 00:01:31]} {[%emt
00:00:01]} Bxh3 {[%clk 00:03:52]} {[%emt 00:00:26]} 26. gxh3 {[%clk 00:01:40]}
Rxc2 {[%clk 00:03:50]} {[%emt 00:00:13]} 27. Re1 {[%clk 00:01:06]} {[%emt
00:00:43]} Rd2 {[%clk 00:03:46]} {[%emt 00:00:14]} 28. Qe3 {[%clk 00:00:49]}
{[%emt 00:00:25]} Rxf2+ {[%clk 00:03:09]} {[%emt 00:00:49]} 29. Kg1 {[%clk
00:00:58]} Rcc2 {[%clk 00:02:58]} {[%emt 00:00:22]} 30. Qxf2 {[%clk 00:00:48]}
{[%emt 00:00:19]} Nxf2 {[%clk 00:03:00]} {[%emt 00:00:08]} 31. Re8+ {[%clk
00:00:55]} {[%emt 00:00:03]} 1-0

[Event "British Rapidplay Championship 2023"]
[Site "Mercure Bradford, Bankfield Hotel"]
[Date "2023.04.16"]
[Round "8.5"]
[White "Jackman, Matthew"]
[Black "Cheng, Louis"]
[Result "1-0"]
[TimeControl "All moves in 15 minutes plus 10 second increment per move from move 1"]
[WhiteElo "2053"]
[BlackElo "1617"]

1. d4 {[%clk 00:15:17]} {[%emt 00:00:04]} Nf6 {[%clk 00:15:18]} {[%emt
00:00:02]} 2. c4 {[%clk 00:15:26]} {[%emt 00:00:01]} c5 {[%clk 00:15:26]}
{[%emt 00:00:02]} 3. d5 {[%clk 00:15:34]} {[%emt 00:00:03]} b5 {[%clk
00:15:34]} 4. cxb5 {[%clk 00:15:42]} {[%emt 00:00:02]} a6 {[%clk 00:15:43]}
{[%emt 00:00:01]} 5. bxa6 {[%clk 00:15:19]} {[%emt 00:00:33]} Bxa6 {[%clk
00:15:43]} {[%emt 00:00:10]} 6. Nc3 {[%clk 00:15:27]} {[%emt 00:00:02]} g6
{[%clk 00:15:51]} {[%emt 00:00:03]} 7. e4 {[%clk 00:15:35]} {[%emt 00:00:02]}
Bxf1 {[%clk 00:15:59]} {[%emt 00:00:02]} 8. Kxf1 {[%clk 00:15:43]} {[%emt
00:00:01]} d6 {[%clk 00:16:07]} {[%emt 00:00:02]} 9. g4 {[%clk 00:15:50]}
{[%emt 00:00:03]} Bg7 {[%clk 00:16:04]} {[%emt 00:00:13]} 10. g5 {[%clk
00:15:58]} {[%emt 00:00:02]} Nh5 {[%clk 00:16:03]} {[%emt 00:00:11]} 11. Kg2
{[%clk 00:16:05]} {[%emt 00:00:02]} Nd7 {[%clk 00:16:11]} {[%emt 00:00:03]} 12.
Nf3 {[%clk 00:16:13]} {[%emt 00:00:02]} O-O {[%clk 00:16:08]} {[%emt 00:00:13]}
13. a4 {[%clk 00:16:02]} {[%emt 00:00:21]} Ne5 {[%clk 00:16:07]} {[%emt
00:00:10]} 14. Nxe5 {[%clk 00:15:55]} {[%emt 00:00:18]} Bxe5 {[%clk 00:16:13]}
{[%emt 00:00:04]} 15. Rf1 {[%clk 00:15:38]} {[%emt 00:00:26]} Nf4+ {[%clk
00:15:21]} {[%emt 00:01:02]} 16. Kh1 {[%clk 00:15:43]} {[%emt 00:00:05]} e6
{[%clk 00:15:15]} {[%emt 00:00:17]} 17. Qg4 {[%clk 00:15:40]} {[%emt 00:00:12]}
Nh5 {[%clk 00:13:49]} {[%emt 00:01:37]} 18. dxe6 {[%clk 00:15:31]} {[%emt
00:00:19]} fxe6 {[%clk 00:13:35]} {[%emt 00:00:24]} 19. Qxe6+ {[%clk 00:14:55]}
{[%emt 00:00:46]} Kg7 {[%clk 00:13:28]} {[%emt 00:00:17]} 20. Qg4 {[%clk
00:14:51]} {[%emt 00:00:13]} Ra7 {[%clk 00:12:35]} {[%emt 00:01:04]} 21. f4
{[%clk 00:14:46]} {[%emt 00:00:15]} Raf7 {[%clk 00:11:41]} {[%emt 00:01:04]} 22.
f5 {[%clk 00:14:44]} {[%emt 00:00:12]} Kg8 {[%clk 00:10:36]} {[%emt 00:01:15]}
23. f6 {[%clk 00:14:38]} {[%emt 00:00:16]} Ng7 {[%clk 00:10:13]} {[%emt
00:00:34]} 24. Be3 {[%clk 00:14:22]} {[%emt 00:00:25]} Ne8 {[%clk 00:10:07]}
{[%emt 00:00:15]} 25. Nd5 {[%clk 00:14:08]} {[%emt 00:00:24]} Bxb2 {[%clk
00:09:24]} {[%emt 00:00:53]} 26. Rab1 {[%clk 00:13:57]} {[%emt 00:00:22]} Be5
{[%clk 00:09:25]} {[%emt 00:00:09]} 27. Ne7+ {[%clk 00:13:46]} {[%emt
00:00:20]} Rxe7 {[%clk 00:09:20]} {[%emt 00:00:15]} 28. fxe7 {[%clk 00:13:52]}
{[%emt 00:00:04]} Rxf1+ {[%clk 00:09:19]} {[%emt 00:00:12]} 29. Rxf1 {[%clk
00:13:58]} {[%emt 00:00:04]} Qxe7 {[%clk 00:09:26]} {[%emt 00:00:03]} 30. Qc8
{[%clk 00:13:17]} {[%emt 00:00:50]} Kg7 {[%clk 00:09:20]} {[%emt 00:00:17]} 31.
Rb1 {[%clk 00:12:55]} {[%emt 00:00:31]} d5 {[%clk 00:08:41]} {[%emt 00:00:50]}
32. exd5 {[%clk 00:12:30]} {[%emt 00:00:35]} Bb2 {[%clk 00:08:25]} {[%emt
00:00:26]} 33. Qe6 {[%clk 00:12:01]} {[%emt 00:00:39]} Qb7 {[%clk 00:07:12]}
{[%emt 00:01:23]} 34. Rxb2 {[%clk 00:09:59]} {[%emt 00:02:13]} Qxb2 {[%clk
00:07:15]} {[%emt 00:00:06]} 35. Qe7+ {[%clk 00:10:06]} {[%emt 00:00:02]} Kg8
{[%clk 00:07:16]} {[%emt 00:00:07]} 36. Qxe8+ {[%clk 00:10:13]} {[%emt
00:00:05]} Kg7 {[%clk 00:07:24]} {[%emt 00:00:02]} 37. Qe7+ {[%clk 00:10:03]}
{[%emt 00:00:20]} Kg8 {[%clk 00:07:32]} {[%emt 00:00:02]} 38. Qe6+ {[%clk
00:10:09]} {[%emt 00:00:04]} Kg7 {[%clk 00:07:40]} {[%emt 00:00:03]} 39. Qf6+
{[%clk 00:09:41]} {[%emt 00:00:38]} Qxf6 {[%clk 00:07:35]} {[%emt 00:00:15]} 40.
gxf6+ {[%clk 00:09:49]} {[%emt 00:00:02]} Kxf6 {[%clk 00:07:44]} 41. a5 {[%clk
00:09:58]} {[%emt 00:00:02]} c4 {[%clk 00:07:39]} {[%emt 00:00:15]} 42. a6
{[%clk 00:10:06]} {[%emt 00:00:02]} Ke5 {[%clk 00:07:45]} {[%emt 00:00:05]} 43.
a7 {[%clk 00:10:14]} {[%emt 00:00:02]} Kxd5 {[%clk 00:07:50]} {[%emt 00:00:05]}
44. a8=Q+ {[%emt 00:00:03]} Ke5 {[%clk 00:07:56]} {[%emt 00:00:03]} 45. Qh8+
{[%clk 00:10:21]} {[%emt 00:00:09]} Kf5 {[%clk 00:08:01]} {[%emt 00:00:06]} 46.
Qxh7 {[%clk 00:10:28]} {[%emt 00:00:03]} c3 {[%clk 00:08:07]} {[%emt 00:00:04]}
47. Qc7 {[%clk 00:10:33]} {[%emt 00:00:05]} g5 {[%clk 00:08:12]} {[%emt
00:00:05]} 48. Bxg5 {[%clk 00:10:40]} {[%emt 00:00:03]} Kxg5 {[%clk 00:08:18]}
{[%emt 00:00:04]} 49. Qxc3 {[%clk 00:10:47]} {[%emt 00:00:02]} Kg6 {[%clk
00:08:26]} {[%emt 00:00:02]} 50. Qg3+ {[%clk 00:10:56]} {[%emt 00:00:02]} Kf5
{[%clk 00:08:34]} {[%emt 00:00:02]} 51. h4 {[%clk 00:11:04]} {[%emt 00:00:01]}
Ke4 {[%clk 00:08:42]} {[%emt 00:00:03]} 52. h5 {[%clk 00:11:12]} {[%emt
00:00:01]} Kd5 {[%clk 00:08:50]} {[%emt 00:00:02]} 53. Qe3 {[%clk 00:11:21]}
{[%emt 00:00:02]} Kc4 {[%clk 00:08:58]} {[%emt 00:00:02]} 54. Qd2 {[%clk
00:11:29]} {[%emt 00:00:01]} Kc5 {[%clk 00:09:07]} {[%emt 00:00:02]} 55. h6
{[%clk 00:11:38]} {[%emt 00:00:02]} Kc6 {[%clk 00:09:15]} {[%emt 00:00:01]} 56.
h7 {[%clk 00:11:45]} {[%emt 00:00:02]} Kb5 {[%clk 00:09:23]} {[%emt 00:00:02]}
57. Qc1 {[%clk 00:11:54]} {[%emt 00:00:02]} Kb4 {[%clk 00:09:32]} {[%emt
00:00:01]} 58. h8=Q {[%clk 00:12:00]} {[%emt 00:00:04]} Ka4 {[%clk 00:09:39]}
{[%emt 00:00:02]} 59. Qhb2 {[%clk 00:12:06]} {[%emt 00:00:04]} Ka5 {[%clk
00:09:48]} {[%emt 00:00:02]} 60. Qca1# {[%clk 00:12:04]} {[%emt 00:00:01]} 1-0

[Event "British Rapidplay Championship 2023"]
[Site "Mercure Bradford, Bankfield Hotel"]
[Date "2023.04.16"]
[Round "8.6"]
[White "Winter, Kevin"]
[Black "Coles, Steven F"]
[Result "1-0"]
[TimeControl "All moves in 15 minutes plus 10 second increment per move from move 1"]
[WhiteElo "1713"]
[BlackElo "2108"]

1. e4 {[%clk 00:15:18]} {[%emt 00:00:02]} c6 {[%clk 00:15:17]} {[%emt
00:00:05]} 2. d4 {[%clk 00:15:22]} {[%emt 00:00:05]} d5 {[%clk 00:15:25]}
{[%emt 00:00:03]} 3. e5 {[%clk 00:15:30]} {[%emt 00:00:01]} c5 {[%clk
00:15:32]} {[%emt 00:00:03]} 4. dxc5 {[%clk 00:15:37]} {[%emt 00:00:03]} e6
{[%clk 00:15:38]} {[%emt 00:00:03]} 5. a3 {[%clk 00:15:44]} {[%emt 00:00:04]}
Bxc5 {[%clk 00:15:41]} {[%emt 00:00:07]} 6. Bd3 {[%clk 00:15:52]} {[%emt
00:00:03]} Nc6 {[%clk 00:15:39]} {[%emt 00:00:12]} 7. Nf3 {[%clk 00:16:01]}
{[%emt 00:00:01]} f6 {[%clk 00:15:17]} {[%emt 00:00:31]} 8. b4 {[%clk
00:15:41]} {[%emt 00:00:30]} Be7 {[%clk 00:15:24]} {[%emt 00:00:03]} 9. Bb2
{[%clk 00:15:12]} {[%emt 00:00:40]} fxe5 {[%clk 00:15:25]} {[%emt 00:00:09]} 10.
Nxe5 {[%clk 00:14:47]} {[%emt 00:00:34]} Nf6 {[%clk 00:15:28]} {[%emt
00:00:08]} 11. O-O {[%clk 00:14:34]} {[%emt 00:00:23]} O-O {[%clk 00:15:28]}
{[%emt 00:00:10]} 12. Nd2 {[%clk 00:14:06]} {[%emt 00:00:38]} Bd6 {[%clk
00:14:45]} {[%emt 00:00:53]} 13. Re1 {[%clk 00:12:32]} {[%emt 00:01:44]} Nxe5
{[%clk 00:13:13]} {[%emt 00:01:42]} 14. Bxe5 {[%clk 00:12:39]} {[%emt
00:00:03]} Bxe5 {[%clk 00:13:18]} {[%emt 00:00:05]} 15. Rxe5 {[%clk 00:12:47]}
{[%emt 00:00:02]} Qd6 {[%clk 00:13:25]} {[%emt 00:00:02]} 16. Rg5 {[%clk
00:10:28]} {[%emt 00:02:30]} Qf4 {[%clk 00:12:48]} {[%emt 00:00:47]} 17. Rg3
{[%clk 00:10:08]} {[%emt 00:00:30]} e5 {[%clk 00:12:20]} {[%emt 00:00:38]} 18.
Rf3 {[%clk 00:08:09]} {[%emt 00:02:08]} Qh4 {[%clk 00:11:36]} {[%emt 00:00:56]}
19. g3 {[%clk 00:07:31]} {[%emt 00:00:47]} Qh3 {[%clk 00:10:42]} {[%emt
00:01:03]} 20. Bf1 {[%clk 00:07:31]} {[%emt 00:00:11]} Qh5 {[%clk 00:10:22]}
{[%emt 00:00:30]} 21. Rxf6 {[%clk 00:07:25]} {[%emt 00:00:15]} Bg4 {[%clk
00:09:25]} {[%emt 00:01:07]} 22. Rxf8+ {[%clk 00:07:19]} {[%emt 00:00:17]} Rxf8
{[%clk 00:09:33]} {[%emt 00:00:01]} 23. f3 {[%clk 00:06:11]} {[%emt 00:01:18]}
Be6 {[%clk 00:08:57]} {[%emt 00:00:47]} 24. Bg2 {[%clk 00:05:13]} {[%emt
00:01:07]} Qg6 {[%clk 00:08:31]} {[%emt 00:00:36]} 25. Nb3 {[%clk 00:05:10]}
{[%emt 00:00:14]} b6 {[%clk 00:07:12]} {[%emt 00:01:29]} 26. Qe2 {[%clk
00:04:48]} {[%emt 00:00:31]} e4 {[%clk 00:06:06]} {[%emt 00:01:17]} 27. Nd4
{[%clk 00:04:11]} {[%emt 00:00:47]} Qf6 {[%clk 00:06:01]} {[%emt 00:00:15]} 28.
c3 {[%clk 00:04:01]} {[%emt 00:00:20]} Bd7 {[%clk 00:05:57]} {[%emt 00:00:14]}
29. Rf1 {[%clk 00:03:57]} {[%emt 00:00:15]} Re8 {[%clk 00:05:26]} {[%emt
00:00:40]} 30. fxe4 {[%clk 00:03:47]} {[%emt 00:00:20]} Qg6 {[%clk 00:04:41]}
{[%emt 00:00:54]} 31. Qa2 {[%clk 00:03:24]} {[%emt 00:00:33]} Kh8 {[%clk
00:04:13]} {[%emt 00:00:38]} 32. Qxd5 {[%clk 00:03:12]} {[%emt 00:00:22]} Rd8
{[%clk 00:03:17]} {[%emt 00:01:07]} 33. Qf7 {[%clk 00:03:02]} {[%emt 00:00:21]}
Qd6 {[%clk 00:03:16]} {[%emt 00:00:10]} 34. Qd5 {[%clk 00:02:43]} {[%emt
00:00:29]} Qe7 {[%clk 00:02:50]} {[%emt 00:00:36]} 35. Qf7 {[%clk 00:02:28]}
{[%emt 00:00:25]} Qd6 {[%clk 00:02:48]} {[%emt 00:00:11]} 36. e5 {[%clk
00:02:25]} {[%emt 00:00:14]} 1-0